Urdu kay afsanavi adb par fasadaat 1949 kay asraat (Urdu)(اردو کے افسانوی ادب پر فسادات 1949 کے اثرات) (Record no. 72920)
[ view plain ]
| 000 -LEADER | |
|---|---|
| fixed length control field | 00681nam a2200193Ia 4500 |
| 001 - CONTROL NUMBER | |
| control field | 67544 |
| 003 - CONTROL NUMBER IDENTIFIER | |
| control field | OSt |
| 005 - DATE AND TIME OF LATEST TRANSACTION | |
| control field | 20150702095553.0 |
| 008 - FIXED-LENGTH DATA ELEMENTS--GENERAL INFORMATION | |
| fixed length control field | 150604s9999 xx 000 0 und d |
| 020 ## - INTERNATIONAL STANDARD BOOK NUMBER | |
| International Standard Book Number | 9789695342473 |
| 040 ## - CATALOGING SOURCE | |
| Transcribing agency | PK-LaUMT |
| 082 ## - DEWEY DECIMAL CLASSIFICATION NUMBER | |
| Classification number | 891.4393 |
| Item number | SHO-U |
| 100 ## - MAIN ENTRY--PERSONAL NAME | |
| Personal name | Shoaib Attiq Khan(شعیب عتیق خان) |
| 245 ## - TITLE STATEMENT | |
| Title | Urdu kay afsanavi adb par fasadaat 1949 kay asraat (Urdu)(اردو کے افسانوی ادب پر فسادات 1949 کے اثرات) |
| Statement of responsibility, etc | Shoaib Attiq Khan(شعیب عتیق خان) |
| 260 ## - PUBLICATION, DISTRIBUTION, ETC. (IMPRINT) | |
| Place of publication, distribution, etc | Multan,Pakistan:(ملتان ، پاکستان ) |
| Name of publisher, distributor, etc | Becon Books,(بیکن بکس) |
| Date of publication, distribution, etc | 2014 |
| 300 ## - PHYSICAL DESCRIPTION | |
| Extent | 448 p. |
| 546 ## - LANGUAGE NOTE | |
| Language note | UR |
| 942 ## - ADDED ENTRY ELEMENTS (KOHA) | |
| Koha item type | Books |
| Source of classification or shelving scheme | Dewey Decimal Classification |
| Withdrawn status | Lost status | Damaged status | Not for loan | Home library | Current library | Date acquired | Total Checkouts | Full call number | Barcode | Date last seen | Price effective from | Koha item type |
|---|---|---|---|---|---|---|---|---|---|---|---|---|
| UMT Main Campus | UMT Main Campus | 2015-06-03 | 891.4393 SHO-U | 90988 | 2015-07-02 | 2015-06-05 | Books |
